Optimalizacija vesovych metodov Monte-Karlo /

Salvato in:
Dettagli Bibliografici
Autore principale: Michajlov, Gennadij Aleksejevič (Autore)
Natura: Libro
Lingua:russo
Pubblicazione: Moskva : Nauka, 1987
Tags: Aggiungi Tag
Nessun Tag, puoi essere il primo ad aggiungerne!!

MARC

LEADER 00000nam a22000003a 4500
001 stu8764
005 20150617225806.9
008 960411s1987----xxr-----------------rus-d
040 |a STU  |b slo 
041 0 |a rus 
044 |a xxr 
080 |a 519.245 
100 1 |a Michajlov, Gennadij Aleksejevič  |4 aut 
245 1 |a Optimalizacija vesovych metodov Monte-Karlo /  |c [aut.] Michajlov,G.A 
260 |a Moskva :  |b Nauka,  |c 1987 
300 |a 238 s 
996 |b E62963  |c E*62963  |l EE03  |s P  |a 0  |w stu8764_0001